000 00429nam a2200181Ia 4500
003 IT-RoPAU
005 20220918175300.0
008 120407s9999 xx 000 0 und d
040 _aIT-RoPAU
040 _cIT-RoPAU
100 _aGian Vittorio Castelnovi
_936428
245 _aLa Galleria Rizzi a Sestri Levante
250 _aGenova
260 _aCassa Risparmio Genova
300 _c cm
490 _v1
942 _cBK
_2ddc
999 _c1636
_d1636